Word Ladder: A Ladder About Nothing Quiz Stats

 Plays Quiz Updated Sep 26, 2012

Support Sporcle.
Go Orange.
Score 0/13 Timer 01:30
0 Plays Today
Clue 5-Letter Word % Correct
The Beatles' 'Here ____ The Sun'COMES
96.2%
Edible ice-cream holdersCONES
94.5%
Drew or MariahCAREY
94%
•Seinfeld of TV show 'Seinfeld'••JERRY•
92.2%
Toothed hair arrangersCOMBS
90.2%
Kansas's '____ On Wayward Son'CARRY
89.4%
'Island' in southern BrooklynCONEY
85.4%
Como or MasonPERRY
83.3%
Actor FeldmanCOREY
83%
A series of numbers used to unlock a safe (abbr.)COMBO
78.6%
To block an incoming attack in fencingPARRY
78.6%
•Kramer of TV show 'Seinfeld'••COSMO•
61.9%
Telecommunications program written by Fred P. BruckerCOMMO
48.9%

Today's Daily Dose

Word Ladder
ING Words

Get the Picture
Nearest Volcano

From the Vault

'Beauty and the Beast' Typing Challenge

by beforever

Movies 60s
Can you really blame Belle for going into the West Wing?
Remove Ads.
Support Sporcle.
Get the best of Sporcle when you Go Orange. This ad-free experience offers more features, more stats, and more fun while also helping to support Sporcle. Thank you for becoming a member.

Show Comments

Extras

Top Quizzes Today


Score Distribution

Your Account Isn't Verified!

In order to create a playlist on Sporcle, you need to verify the email address you used during registration. Go to your Sporcle Settings to finish the process.

Report this User

Report this user for behavior that violates our Community Guidelines.

Details: